Es gibt mindestens 5... - Sudden Death - Statistiken

Allgemein
  • Dieses Quiz wurde 766 mal gespielt
    381 seit der letzten Aktualisierung
  • Das Durchschnittsergebnis liegt bei 7 aus 21
Answers on the Grid
Answers color-coded by a green-red scale on the quiz's grid according to % correct below.
...Länder, die an Spanien grenzen
...Länder, die an die Ostsee grenzen
...Farben auf der Flagge der Seychellen
...Bücher in der Tora
...Länder, durch die der Wendekreis des Steinbocks verläuft
...Vokale
...Große Seen
...Stadtbezirke von New York City
...Saiten in einer Gitarre
...Spieler in einer Basketballmannschaft
...Flächen in einem Würfel
...Bücher aus der Harry Potter-Saga
...Personen, die mindestens 2 Nobelpreise gewonnen haben
...die offiziellen Sprachen der UNO
...Todsünden
...Länder, die mit „stan“ enden
...Länder, durch die der Nil fließt
... Staaten in Neuengland
...Sportarten im modernen Fünfkampf
...Zoll in 20 Zentimetern
...Beine in einer Ameise
...Sterne, die näher an uns dran sind als Proxima Centuari
...Flüsse in Saudi-Arabien
...Seiten eines Quadrats
...Länder, die mit dem Buchstaben J beginnen
...Fälle in der deutschen Sprache
...Mannschaften, die die UEFA Conference League gewonnen haben
...getötete US-Präsidenten
...Länder auf der Insel Borneo
...Städte, die von der Atombombe getroffen wurden
...Söhne von William, Prince of Wales
...Gründer von Rom
...Monarchien in Südamerika
...europäische OPEC-Länder
...gerade Teiler von 20
...Mannschaften, die mindestens 10 NBA-Titel gewonnen haben
...Jahre in 50 Monaten
...amerikanische Länder, die die Olympischen Spiele ausgerichtet haben
...Elemente mit weniger Protonen als Bor
...Zeitzonen in Brasilien
...Lappen in der Leber
...Hauptstädte weiter südlich als Buenos Aires
 
Antwortstatistiken
Antwort % Korrekt
...Flächen in einem Würfel
61%
...Vokale
59%
...Todsünden
51%
...Beine in einer Ameise
47%
...Bücher aus der Harry Potter-Saga
47%
...Länder, die mit „stan“ enden
47%
...Stadtbezirke von New York City
43%
...Saiten in einer Gitarre
42%
...Spieler in einer Basketballmannschaft
41%
...Große Seen
39%
...Länder, die an die Ostsee grenzen
35%
...Sportarten im modernen Fünfkampf
34%
...die offiziellen Sprachen der UNO
29%
...Farben auf der Flagge der Seychellen
27%
...Zoll in 20 Zentimetern
18%
...Länder, durch die der Nil fließt
17%
... Staaten in Neuengland
15%
...Bücher in der Tora
13%
...Länder, die an Spanien grenzen
5%
...Länder, durch die der Wendekreis des Steinbocks verläuft
3%
...Personen, die mindestens 2 Nobelpreise gewonnen haben
3%
Keine übereinstimmenden Quizze gefunden
Verteilung der Resultate
Anzahl Personen mit jedem Resultat
Perzentil nach korrekt beantworteten Fragen
Ihre Resultats-Entwicklung
Sie haben dieses Quiz seit der letzten Aktualisierung nicht gespielt